| 000 | 00776nam a2200229Ia 4500 | ||
|---|---|---|---|
| 005 | 20220625120627.0 | ||
| 008 | 131103s9999 xx 000 0 und d | ||
| 020 |
_a01956317 8 _cRs. 395 |
||
| 040 | _aLoreto College | ||
| 041 | _aEnglish | ||
| 082 |
_a304.28 _bGUH |
||
| 100 | _aGuha, Ramachandra | ||
| 245 |
_aVarieties of environmentalism _b essays north and south _cby Ramachandra Guha and J. Martinez - Alier |
||
| 260 |
_aDelhi _bOxford University Press _c1998 |
||
| 300 |
_aix, 230 p. _b ill., fig., tables |
||
| 504 | _aIncludes bibliographical references and index | ||
| 650 | _aSocial Science | ||
| 651 | _aFactors affecting social behaviour/ Human ecology/ Geographie, space, time factors | ||
| 700 | _aMartinez - Alier J. | ||
| 850 | _aLCLIB | ||
| 942 | _cBK | ||
| 999 |
_c2772 _d53251 |
||